00508nam a2200169Ia 4500008004100000082001500041100002700056245002400083250000800107260003800115300000900153500002400162650002400186942000700210952010400217999001700321230524s9999 xx 000 0 und d a621.8bFOR aPatnick Fonsyth911256 0aMaking Meeting Work a1ST aHYDERABADbUniversity Pressc2000 aV;72 aQuantity Number: 1 aMiscellaneous91877 cBK 00104070aTATCLbTATCLcGENd2023-05-24l0o621.8 FORp4309r2023-05-24w2023-05-24yBKzCPEE5302 c15649d15649